Fundamentals of organic chemistry

Main Author: Solomons, T. W. Graham
Language:English
Published: New York: Wiley, c1997..
Edition:5th ed..
Subjects:
LEADER 00694cam a2200205 7i4500
001 0000011217
005 20151013090000.0
008 960429s1997 nyua 001 0 eng
010 # # |a 96022583 
020 0 0 |a 0471146498 (cloth : acid-free paper)  
090 0 0 |a QD 251.2   |b .S66 1997 
100 0 1 |a Solomons, T. W. Graham  
245 0 1 |a Fundamentals of organic chemistry   |c T.W. Graham Solomons.. 
250 0 0 |a 5th ed.. 
260 0 0 |a New York:   |b Wiley,   |c c1997.. 
300 # # |a 1 v. (various pagings):   |b ill. (some col.);   |c 27 cm.. 
500 0 0 |a Includes index. 
650 0 0 |a Chemistry, Organic.  
999 |a 1000384331  |b Book  |c Open Shelf  |e KOLEKSI TERBUKA 
999 |a 1000398753  |b Book  |c Open Shelf  |e KOLEKSI TERBUKA